000
00300nam a22001337a 4500
008
170606b xxu||||| |||| 00| 0 eng d
020
_a
2900072819563
041
_a
eng
080
_2
2ND
_a
94(100)
100
_a
18
101
_a
SHH
245
_a
THE WEST IN THE WORLD
_c
SHERMAN,D
942
_2
udc
_c
BK
999
_c
16019
_d
16019